Social accountability in service delivery in Cambodia / (Record no. 19198)

000 -LEADER
fixed length control field 00743cam a22002297i 4500
020 ## - INTERNATIONAL STANDARD BOOK NUMBER
ISBN 9789924500001
040 ## - CATALOGING SOURCE
Transcribing agency DLC
082 ## - DEWEY DECIMAL CLASSIFICATION NUMBER
Classification number 700 NEG 2015 C140 Or.
100 1# - MAIN ENTRY--AUTHOR NAME
Personal name Eng, Netra,
245 10 - TITLE STATEMENT
Title Social accountability in service delivery in Cambodia /
260 ## - PUBLICATION, DISTRIBUTION, ETC. (IMPRINT)
Place of publication susan watkins
Name of publisher eng netra
Year of publication 2015
300 ## - PHYSICAL DESCRIPTION
Number of Pages 1 online resource (vi, 54 pages) :
Other physical details PDF.
490 0# - SERIES STATEMENT
Series statement CDRI working paper series ;
500 ## - GENERAL NOTE
General note "June 2015."
650 #0 - SUBJECT ADDED ENTRY--TOPICAL TERM
Topical Term Public health
650 #0 - SUBJECT ADDED ENTRY--TOPICAL TERM
Topical Term Social accounting
700 1# - ADDED ENTRY--PERSONAL NAME
Personal name Hort, Navy,
700 1# - ADDED ENTRY--PERSONAL NAME
Personal name Vong, Mun,
710 2# - ADDED ENTRY--CORPORATE NAME
Corporate name or jurisdiction name as entry element Vidyāsthān Paṇṭuḥ Paṇṭāl niṅ Srāvjrāv ṭoempī Qabhivaḍḍhn ̊Kambujā,
856 40 - ELECTRONIC LOCATION AND ACCESS
Uniform Resource Identifier https://hdl.loc.gov/loc.gdc/gdcebookspublic.2019353360
942 ## - ADDED ENTRY ELEMENTS (KOHA)
Koha item type ADB
952 ## - LOCATION AND ITEM INFORMATION (KOHA)
Withdrawn status [LOCAL, KOHA] 0
Holdings
Permanent Location Date acquired Koha item type Lost status Shelving location Barcode Current Location Full call number
Library Block C2020-05-13សៀវភៅភាសាអង់គ្លេស C140A064457Library Block C700 NEG 2015 C140 Or.
មជ្ឈមណ្ឌលឯការនៃសាកលវិទ្យាល័យភូមិន្ទកសិកម្មចំការដូង

Powered by Koha